Online
Catalog
Normal view MARC view

Entry Nombre geográfico

Number of records used in: 3

001 - NÚMERO DE CONTROL

  • campo de control: 81689

003 - IDENTIFICADOR DEL NÚMERO DE CONTROL

  • campo de control: DO-SdBNP

005 - FECHA Y HORA DE LA ÚLTIMA TRANSACCIÓN

  • campo de control: 20220525134746.0

008 - DATOS DE LONGITUD FIJA

  • campo de control de longitud fija: 220525|| aca||aabn | a|a d

040 ## - FUENTE DE LA CATALOGACIÓN

  • Centro catalogador/agencia de origen: DO-SdBNP
  • Centro/agencia transcriptor: DO-SdBNP

151 ## - ENCABEZAMIENTO--NOMBRE GEOGRÁFICO

  • Nombre geográfico: Planes de desarrollo
  • Subdivisión geográfica: República Dominicana
  • Subdivisión cronológica: 2020-2024

670 ## - FUENTE DE DATOS ENCONTRADOS

  • Cita de la fuente: Work cat.: (DO-SdBNP)49063: Fernández, Leonel, 1953- 7291, Siete pilares para una nueva ola de transformaciones en la República Dominicana /, 2020.

Powered by Koha